| 000 | 00354nam a2200133Ia 4500 | ||
|---|---|---|---|
| 008 | 220610s9999 xx 000 0 und d | ||
| 082 |
_a891.4 _bKOL |
||
| 100 |
_aKolwadkar Prmod _9129268 |
||
| 245 | _aLifeline | ||
| 260 |
_aNagpur _bSuvichar Prakashan _c2013 |
||
| 300 |
_a136 P _bPB |
||
| 500 | _a"Doneted by Dr. Shailesh Pitale, Nagpur" | ||
| 906 |
_a0 _bGB |
||
| 999 |
_c53384 _d53384 |
||